| 000 | 00000nas 2200000za 4500 |
| 001 | 9.502732 |
| 003 | CaOODSP |
| 005 | 20221123120940 |
| 007 | cr ||||||||||| |
| 008 | 150406c20119999onc x m o||||f0 |0fre|d |
| 040 | |aCaOODSP|bfre |
| 043 | |an-cn--- |
| 086 | 1 |aYM32-7F-PDF |
| 130 | 0 |aCommerce et investissement (Canada. Service d'information et de recherche parlementaires) |
| 245 | 10|aCommerce et investissement |h[ressource électronique] / |cService d'information et de recherche parlementaires. |
| 260 | |a[Ottawa] : |bBibliothèque du Parlement, |c[2011]- |
| 310 | |aIrrégulier |
| 520 | 3 |aLa Série commerce et investissement de la Bibliothèque du Parlement est une source de renseignements sur les rapports que le Canada entretient à ce chapitre avec le reste du monde et plus particulièrement avec certains pays. Elle décrit aussi le commerce international des dix provinces et des trois territoires. |
| 691 | 07|aCommerce extérieur|2gcpds |
| 691 | 07|aInvestissement étranger|2gcpds |
| 710 | 1 |aCanada. |bService d'information et de recherche parlementaires. |
| 775 | 08|tTrade and investment |w(CaOODSP)9.506333 |